000 00955cam1a220025300 4500
001 qce01665683
005 20190823092530.0
008 730102s1954 iau b s000 0 eng
010 _a 54003936 /L
035 _a(Sirsi) r12381
035 _a(QCAT)lss00365115
035 _a(UPRA)qce01665683
040 _dUPRA
050 0 _aQA276.5
_b.S8
082 _a311.22
100 1 _aSukhatme, Pandurang Vasudeo, 1911-
_dSukhatme, Pandurang Vasudeo, 1911-
_6A67046.1
245 1 0 _aSampling theory of surveys, with applications.
260 _aNew Delhi : Ames :
_bIndian Society of Agricultural Statistics ; Iowa State College Press,
_aNew Delhi : Ames :
_bIndian Society of Agricultural Statistics ; Iowa State College Press,
_c[1954]
500 _aReprint of 1963.
504 _aIncludes bibliographical references.
650 0 _aSampling (Statistics)
_6S3003.1
949 _aQA276.5
_wlcc
_i33729000202080
_mMAIN
_p2500
_tBOOK
_lON-SHELF
004 12381
999 _c144932
_d144932